Менделеевит: новые ракурсы исследования; Природа; № 5

Bibliographische Detailangaben
Parent link:Природа: естественнонаучный журнал/ Российская академия наук (РАН).— , 1912-
№ 5.— 2016.— [С. 70-72]
1. Verfasser: Рихванов Л. П. Леонид Петрович
Körperschaft: Национальный исследовательский Томский политехнический университет (ТПУ) Институт природных ресурсов (ИПР) Кафедра геоэкологии и геохимии (ГЭГХ)
Zusammenfassung:Заглавие с экрана
Режим доступа: по договору с организацией-держателем ресурса
Sprache:Russisch
Veröffentlicht: 2016
Schlagworte:
Online-Zugang:http://elibrary.ru/item.asp?id=26135345
Format: MixedMaterials Elektronisch Buchkapitel
KOHA link:https://koha.lib.tpu.ru/cgi-bin/koha/opac-detail.pl?biblionumber=653099

MARC

LEADER 00000naa0a2200000 4500
001 653099
005 20250217165737.0
035 |a (RuTPU)RU\TPU\network\18484 
090 |a 653099 
100 |a 20170207d2016 k||y0rusy50 ca 
101 0 |a rus 
102 |a RU 
135 |a drcn ---uucaa 
181 0 |a i  
182 0 |a b 
200 1 |a Менделеевит: новые ракурсы исследования  |d Mendeleevite: New Angles of Studying  |f Л. П. Рихванов 
203 |a Текст  |c электронный 
300 |a Заглавие с экрана 
320 |a [Библиогр.: с. 72 (6 назв.)] 
333 |a Режим доступа: по договору с организацией-держателем ресурса 
461 |t Природа  |o естественнонаучный журнал  |f Российская академия наук (РАН)  |d 1912- 
463 |t № 5  |v [С. 70-72]  |d 2016 
510 1 |a Mendeleevite: New Angles of Studying  |z eng 
610 1 |a электронный ресурс 
610 1 |a труды учёных ТПУ 
610 1 |a минералы 
610 1 |a редкоземельные элементы 
610 1 |a исследования 
700 1 |a Рихванов  |b Л. П.  |c геолог  |c профессор Томского политехнического университета, доктор геолого-минералогических наук  |c заслуженный геолог РФ  |c почетный работник высшего образования РФ  |f 1945-  |g Леонид Петрович  |3 (RuTPU)RU\TPU\pers\23187 
712 0 2 |a Национальный исследовательский Томский политехнический университет (ТПУ)  |b Институт природных ресурсов (ИПР)  |b Кафедра геоэкологии и геохимии (ГЭГХ)  |3 (RuTPU)RU\TPU\col\18658 
801 2 |a RU  |b 63413507  |c 20170207  |g RCR 
856 4 0 |u http://elibrary.ru/item.asp?id=26135345 
942 |c CF